000
00295nam a22001337a 4500
008
170602b xxu||||| |||| 00| 0 eng d
020
_a
9780073000923
041
_a
eng
080
_2
6TH
_a
93
100
_a
17
101
_a
SHH
245
_a
NATIONS AT DAWN
_c
STOESSINGER, J.G
942
_2
udc
_c
BK
999
_c
15651
_d
15651